01726nam a2200349 a 45000010008000000030009000080050017000170070008000340080041000420200019000830400023001020920028001252450146001532600032002993000049003314900018003805000028003985050472004266500041008986500051009396500035009906500040010257000028010657000025010937000021011188300018011399100037011579420012011949520137012069560018013439990015013610000231DO-SdBNP20160413095346.00000231150130s2013 dr ac 000 0 spa d a9789945174830  aBPMSU bspacBPMSU a373.7bM425a, 3ro, 201300aMatemática 3 :beducación media /cgerencia editorial Anna Rogero Soler ; colaboración Alma De La Rosa; ilustraciones Joaquín Turina. aSanto Domingo :bSM,c2013. a 311 p. bil., retrs, c29 cm. + eCD Room :1 aProyecto Sé aCada volumen incluye CD1 gunidad 1 --tSistemas de: ecuaciones lineales e inecuaciones lineales --gunidad 2 --tVectores --gunidad 3 --tMatrices y determinantes --gunidad 4 --tSegmentos y ángulos en la circunferencia. Geometría analítica --gunidad 5 --tÁreas de figuras planas. Áreas y volumen de sólidos --gunidad 6 --tFunciones --gunidad 7 --tRazones trigonométricas --gunidad 8 --tFunciones trigonométricas directas e inversas --tGlosario --tBibliografía -- aMATEMÁTICAxENSEÑANZA SECUNDARIA aEDUCACIÓN SECUNDARIAxREPÚBLICA DOMINICANA aMATEMÁTICAxLIBROS DE TEXTOS aMATEMÁTICAxESTUDIOS Y EJERCICIOS12aRogero Soler, Annaeed.12aTurina, Joaquineil.12aRosa, Alma De La 0aProyecto Sé aValidado. Control de calidad MFF 2ddccBK 00102ddc40708ESCaBPMETbBPMETd2016-04-01eDonaciónl0o373.7 M425a 3ro, 2013pBPMSU16040381r2016-04-01w2016-04-01yBK aYLOCKWARDb10 c9496d9496